000 00761nam a2200265Ia 4500
001 26293
005 20240114000918.0
007 ta
008 060505s1946 a g b000 u 465 u
040 _aCotton College Assam
041 _a465
082 _a100
_bH 766 P
100 _aHoople, Ross Earle .
245 0 _aPreface to Philosophy: Book of Readings /
_cRoss Earle Hoople, R.F.Piper & William Pearson Tolley.
_hTextual Documents
250 _a1st ed. /
260 _aNew York :
_bThe Macmillan Company ,
_cC1946.
300 _a513p. :
_bill ;
_c22cm .
653 _aPhilosophy
653 _aG-Philosophy
700 _aPiper, R.F .
700 _aTolley, William Pearson .
942 _2ddc
_cBK
999 _c26275
_d26275